000 00599nam a2200193 i 4500
001 18203
003 ES-MaACL
005 20250729085445.0
007 t|
008 011017s1934 sp ||||1| spa d
080 _a348.1/5
100 1 _aMontero Gutiérrez, Eloy.
_982525
245 1 0 _aDerecho canónico comparado.
_pI. Fundamentos, preliminares y principios /
_cpor Eloy Montero y Gutiérrez.
260 _aMadrid :
_b[s.n.],
_c1934 (
_fImpr. Juan Bravo, 3)
300 _a461 p. ;
_c23 cm.
650 1 7 _aDerecho canónico
_2embne
_911655
852 _aES-MaACL
_jA-279
999 _c18203
_d18203